| 000 | 00453nam a2200145 4500 | ||
|---|---|---|---|
| 001 | 121729 | ||
| 003 | ES-MaACL | ||
| 007 | t| | ||
| 008 | 070214s1982 sp r ||||1| spa d | ||
| 100 | 1 |
_aPortillo, Alvaro del. _993249 |
|
| 245 | 1 | 0 |
_aDescubrimientos y exploraciones en las costas de California _b: 1532-1650 / _cAlvaro del Portillo. |
| 260 |
_aMadrid : _bRialp, _c1982. |
||
| 300 |
_a538 p. : _bil. ; _c24 cm. |
||
| 852 |
_aES-MaACL _jL-3341 _bR.103692 |
||
| 999 |
_c121729 _d121729 |
||